[Event "AUS-ch reserves"]
[Site "Adelaide"]
[Date "2004.01.09"]
[Round "10.28"]
[White "Oks, Oliver"]
[Black "Peters, Duncan"]
[Result "1-0"]
[WhiteElo "1799"]
[BlackElo "1887"]
[PlyCount "127"]
[EventDate "2003.12.??"]
[EventType "swiss"]
[EventRounds "11"]
[EventCountry "AUS"]
[SourceTitle "EXT 2005"]
[Source "ChessBase"]
[SourceDate "2004.11.15"]
[SourceVersion "1"]
[SourceVersionDate "2004.11.15"]
[SourceQuality "1"]

1. e4 d5 2. exd5 Nf6 3. Bc4 c6 4. dxc6 Nxc6 5. Nc3 e5 6. d3 Be7 7. Nf3 0-0 8. 0-0 Bg4 9. Be3 Re8 10. Ne4 Nxe4 11. dxe4 Qc7 12. c3 Bh5 13. Qe2 a6 14. a4 Rac8 15. h3 Bg6 16. Bd5 Bf6 17. g4 h6 18. g5 hxg5 19. Bxg5 Qe7 20. Bxf6 Qxf6 21. Nh2 Rc7 22. Ng4 Qh4 23. Kh2 Ne7 24. Bb3 Bh5 25. f3 Ng6 26. Qf2 Qe7 27. Rad1 Nf4 28. Rg1 Kh8 29. Ne3 Bg6 30. Nd5 Nxd5 31. Rxd5 Rd8 32. Rg4 Rcd7 33. Qh4+ Qxh4 34. Rxh4+ Kg8 35. Rxe5 Rd2+ 36. Kg3 Rxb2 37. Bd5 b5 38. axb5 axb5 39. Rg4 Kf8 40. Rh4 Kg8 41. Rg4 Rb1 42. Bc6 b4 43. cxb4 Rxb4 44. Re8+ Rxe8 45. Bxe8 Rb3 46. Bc6 Rb1 47. Bd5 Rg1+ 48. Kf4 Rxg4+ 49. hxg4 Kf8 50. Kg5 Bh7 51. f4 Ke7 52. f5 f6+ 53. Kh5 Kd6 54. g5 fxg5 55. Kxg5 Ke5 56. Bb7 Kd6 57. Kf4 Ke7 58. Ke5 Kd7 59. Bd5 Ke7 60. Be6 Kd8 61. Kd6 Ke8 62. e5 g5 63. Bd7+ Kf8 64. e6 1-0

[Event "AUS-ch reserves"]
[Site "Adelaide"]
[Date "2003.12.30"]
[Round "1.33"]
[White "Forace, Lee"]
[Black "Peters, Duncan"]
[Result "1/2-1/2"]
[WhiteElo "1592"]
[BlackElo "1887"]
[PlyCount "126"]
[EventDate "2003.12.??"]
[EventType "swiss"]
[EventRounds "11"]
[EventCountry "AUS"]
[SourceTitle "EXT 2005"]
[Source "ChessBase"]
[SourceDate "2004.11.15"]
[SourceVersion "1"]
[SourceVersionDate "2004.11.15"]
[SourceQuality "1"]

1. e4 e5 2. Nf3 Nc6 3. Nc3 Nf6 4. d4 exd4 5. Nxd4 Nxd4 6. Qxd4 d6 7. Be2 Be7 8. Be3 0-0 9. f3 Re8 10. 0-0-0 c6 11. g4 Qa5 12. g5 Nd7 13. Qa4 Qxa4 14. Nxa4 Nf8 15. c4 Be6 16. Nc3 Rec8 17. Kb1 Rd8 18. Rd2 Nd7 19. Rhd1 Nb6 20. b3 Rd7 21. Kc2 Rad8 22. Bf4 Nc8 23. Bf1 a6 24. a4 f5 25. gxf6 Bxf6 26. Bg3 h5 27. Bf2 Bg5 28. Re2 Rf8 29. Bg2 h4 30. Be3 Bf6 31. Bd4 Bxd4 32. Rxd4 h3 33. Bh1 Rf4 34. Red2 g5 35. c5 d5 36. exd5 Rxd4 37. Rxd4 cxd5 38. Kd2 Ne7 39. Ke2 Nf5 40. Rd1 Kg7 41. b4 d4 42. Ne4 Bc4+ 43. Kd2 Kh6 44. Rg1 Rg7 45. Ng3 Ne3 46. Ne2 Nf5 47. Rg4 Rd7 48. f4 gxf4 49. Rxf4 Kg5 50. Rf2 Bb3 51. c6 bxc6 52. Bxc6 Rd6 53. b5 Bxa4 54. Be4 Ne7 55. bxa6 Rxa6 56. Nxd4 Rd6 57. Ke3 Nd5+ 58. Bxd5 Rxd5 59. Nf3+ Kh6 60. Rf1 Bd7 61. Rg1 Ra5 62. Kf4 Rf5+ 63. Kg3 Bc6 1/2-1/2